00691nam a2200241 a 4500001001300000003000900013005001700022008004100039020001000080082001300090100002400103245002600127260003300153300000900186500003500195505002700230650002500257700002400282902000800306942000700314952011300321999001500434nice12345678IN_TiNIC20260116011626.0050524s1938 baga grp 000 0 ara  ac10000a911bALM aAl-Masoodi, Ali Bin aAl-Tanbih Wal Ashraaf aBaghdadbAsriyya Pressc1938 a423p aincludes index and biblioraphy2 a3 vols. bound together aGeography-Historical1 aAl-Masoodi, Ali Bin bRHR cBK 001040708ReferHall-aHMIbHMId2007-06-05g100.00l0o911 ALMp04746r2007-06-05v100.00w2005-05-24yBK c2966d2966